00334nam a2200133Ia 4500003000400000005001700004008004100021020001900062040002000081100002100101245003500122260003500157300000800192OSt20240409122046.0170524s9999 xx 000 0 und d a978-1292270081 cIIMT UNIVERSITY aEITEMAN, DAVID.K 0aMULTINATIONAL BUSINESS FINANCE aDELHIbPEARSON EDUCATIONc2004 a772